[Event "AJEC Gr04 email"]
[Site "France"]
[Date "2000.??.??"]
[Round "?"]
[White "Barbey, Eric"]
[Black "Langevin, Patricia"]
[Result "0-1"]
[WhiteElo "1850"]
[BlackElo "1850"]
[PlyCount "76"]
[EventDate "2000.03.20"]
[EventType "tourn (corr)"]
[EventRounds "10"]
[EventCountry "FRA"]
[SourceTitle "Corr 2004"]
[Source "ChessBase"]
[SourceDate "2003.04.28"]
[SourceVersion "3"]
[SourceVersionDate "2003.04.28"]
[SourceQuality "1"]

1. e4 c5 2. d4 cxd4 3. c3 dxc3 4. Nxc3 Nc6 5. Qf3 Nf6 6. Bg5 h6 7. Bxf6 exf6 8. Rc1 Bc5 9. Bb5 0-0 10. Nge2 Ne5 11. Qg3 d6 12. 0-0 f5 13. Na4 a6 14. Nxc5 axb5 15. exf5 dxc5 16. Qxe5 Re8 17. Rcd1 Bd7 18. Qxc5 Rxe2 19. Qd5 Re7 20. Qxb7 Rxa2 21. f6 gxf6 22. Qxb5 Bxb5 23. Rxd8+ Kg7 24. Rc1 Rxb2 25. g3 Ree2 26. Rb8 f5 27. h4 Kg6 28. Rd1 Kh5 29. Rb6 Kg4 30. Rxb5 Rxb5 31. Kg2 Rb4 32. Rd8 f4 33. Rg8+ Kh5 34. Kf3 Rbb2 35. Kxf4 Rxf2+ 36. Ke3 Rf1 37. Kd4 Rg2 38. Ke5 f5 0-1

[Event "AJEC Gr04 email"]
[Site "France"]
[Date "2000.??.??"]
[Round "?"]
[White "Barbey, Eric"]
[Black "Mouawad, Ghassan A"]
[Result "0-1"]
[WhiteElo "1850"]
[BlackElo "1748"]
[PlyCount "32"]
[EventDate "2000.03.20"]
[EventType "tourn (corr)"]
[EventRounds "10"]
[EventCountry "FRA"]
[SourceTitle "Corr 2004"]
[Source "ChessBase"]
[SourceDate "2003.04.28"]
[SourceVersion "3"]
[SourceVersionDate "2003.04.28"]
[SourceQuality "1"]

1. e4 c5 2. Nf3 d6 3. d4 cxd4 4. Nxd4 a6 5. Bc4 Nf6 6. Nc3 e6 7. 0-0 b5 8. Bd3 b4 9. Nce2 d5 10. exd5 Nxd5 11. b3 Bb7 12. a3 a5 13. Bb2 Nd7 14. axb4 axb4 15. Nb5 Nc5 16. Rxa8 Bxa8 0-1

[Event "AJEC Gr04 email"]
[Site "France"]
[Date "2000.??.??"]
[Round "?"]
[White "Didier, Luc"]
[Black "Barbey, Eric"]
[Result "1-0"]
[WhiteElo "2063"]
[BlackElo "1850"]
[PlyCount "41"]
[EventDate "2000.03.20"]
[EventType "tourn (corr)"]
[EventRounds "10"]
[EventCountry "FRA"]
[SourceTitle "Corr 2004"]
[Source "ChessBase"]
[SourceDate "2003.04.28"]
[SourceVersion "3"]
[SourceVersionDate "2003.04.28"]
[SourceQuality "1"]

1. d4 d5 2. c4 e6 3. Nc3 Nf6 4. Bg5 Be7 5. e3 0-0 6. Nf3 h6 7. Bh4 b6 8. g4 g5 9. Bxg5 hxg5 10. Nxg5 dxc4 11. Bxc4 Bb7 12. Qd3 Bxh1 13. Bxe6 Kh8 14. Nxf7+ Rxf7 15. Bxf7 Nxg4 16. Qg6 Nf6 17. Ke2 Bb7 18. Rg1 Qf8 19. Rg3 Ba6+ 20. Ke1 Bc8 21. Nd5 1-0